000 00716nam a2200181 a 4500
005 20140412111256.0
008 000816s19uu xx 00 eng d
020 _a1-895688-78-7
050 _aM 636
_bR56 1998
100 _aRipley, Catherine, 1957-
245 _aWhy do cows moo? :
_band other farm animal questions /
_cby Catherine Ripley; illustrated by Scot Ritchie.
260 _aOntario :
_bOwl Books,
_c1998.
300 _a1 v. (unp.) ; ill.
440 _aQuestions and Answers Storybook
520 _aWhy do cows moo? How does a chick get out of the egg? A visit to a farm fair means lots of questions about farm animals.
650 _aDomestic animals-Miscellanea
_xJuvenile literature
999 _c103239
_d103239